De 5 grootste steden van het Verenigd Koninkrijk + Ierland - Statistieken

Algemene statistieken
  • Deze quiz is 112 keer genomen
  • De gemiddelde score is 11 van 25
Antwoordstatistieken
Staat Inwoners Antwoord % Correct
Engeland 7.172.091 Londen
98%
Ierland 506.211 Dublin
92%
Engeland 469.017 Liverpool
91%
Schotland 578.790 Glasgow
82%
Engeland 970.892 Birmingham
81%
Wales 447,287 Cardiff
77%
Schotland 448.624 Edinburgh
75%
Noord-Ierland 341.877 Belfast
74%
Engeland 443.247 Leeds
67%
Ierland 119.418 Cork
58%
Schotland 202.370 Aberdeen
56%
Wales 239,000 Swansea
44%
Schotland 143.090 Dundee
43%
Noord-Ierland 83.652 Londonderry of Derry
33%
Engeland 439.866 Sheffield
33%
Ierland 72.414 Galway
29%
Ierland 52.539 Limerìck
28%
Wales 128,060 Newport
23%
Wales 61,603 Wrexham
20%
Ierland 45.748 Waterford
14%
Noord-Ierland 71.465 Lisburn
10%
Noord-Ierland 27.433 Newry
6%
Noord-Ierland 14,777 Armagh
5%
Schotland 74.170 Paisley
5%
Wales 54,673 Barry
1%
Geen overeenkomende quizzen gevonden
Scoreverdeling
Procent van Mensen met Elke Score
Percentiel versus Aantal Correcte Antwoorden
Uw Scoregeschiedenis
U heeft deze quiz nog niet genomen